Blue-collar world ; studies of the American worker /

Bibliographic Details
Main Author: Shostak, Arthur B.
Other Authors: Gomberg, William, 1911-
Format: Book
Language:English
Published: Englewood Cliffs, New Jersey : Prentice-Hall, [1964]
Series:Prentice-Hall industrial relations and personnel series.
Subjects:

MARC

Tag First Indicator Second Indicator Subfields
LEADER 00000cam a2200000 4500
001 in00000056206
005 20151008052411.0
008 720204s1964 nju b 00000 eng u
010 |a  64023481  
035 |a (OCoLC)00233688 
035 |9 AAH3160AM 
040 |c WSU  |d OCL  |d TXA  |d UtOrBLW 
049 |a TXAM  |c [456567] 
050 0 |a HD8072  |b .S58 
092 |a 331  |b S559b 
100 1 |a Shostak, Arthur B. 
245 1 0 |a Blue-collar world ;  |b studies of the American worker /  |c Edited by Arthur B. Shostak and William Gomberg. 
264 1 |a Englewood Cliffs, New Jersey :  |b Prentice-Hall,  |c [1964] 
300 |a 631 pages :  |b illustrations ;  |c 24 cm. 
336 |a text  |b txt  |2 rdacontent 
337 |a unmediated  |b n  |2 rdamedia 
338 |a volume  |b nc  |2 rdacarrier 
490 1 |a Prentice-Hall industrial relations and personnel series 
504 |a Includes bibliographies. 
650 0 |a Working class  |z United States  |y 1914- 
650 0 |a Labor movement  |z United States  |y 1914- 
650 0 |a Labor  |z United States  |y 1914- 
700 1 |a Gomberg, William,  |d 1911- 
830 0 |a Prentice-Hall industrial relations and personnel series. 
999 |a MARS 
999 f f |s e51bae44-9df8-34db-821b-f560e078687b  |i 75e35e00-1251-3f66-a4a3-aad54b07e766  |t 0 
952 f f |p ric  |a Texas A&M University  |b Rellis Campus  |c Joint Library Facility  |d Remote Storage  |t 0  |e HD8072 .S58  |h Library of Congress classification  |i unmediated -- volume  |m A14800712175 
998 f f |a HD8072 .S58  |t 0  |l Remote Storage